000 00351cam a2200145ua 4500
041 _aeng
_h
082 _a826
_bRIO/LE
100 _aRiordan, Jim .
245 0 0 _aLetters from the Dead /
_cJim Riordan.
_hTextual Documents
260 _aMoscow :
_bProgress publishers ,
_c1965.
300 _a232 ; .
504 _a
942 _cBK
999 _c782
_d782